L'acquisto coattivo dei diritti reali

Saved in:
Bibliografiske detaljer
Hovedforfatter: Carpino, Brunetto (Author)
Format: Bog
Sprog:italiensk
Udgivet: Nápoles Jovene 1977
Serier:Biblioteca di Diritto Privato Ordinato Da Pietro Rescigno, 4
Fag:
Tags: Tilføj Tag
Ingen Tags, Vær først til at tagge denne postø!

MARC

LEADER 00000nam a2200000 a 4500
001 UCV2779
003 CL-VaPUC
008 921109e19770000IT |||||||||||||||||ita|d
082 0 4 |a 346.043  |b CAR  |2 21 
100 0 |a Carpino, Brunetto  |e author  |9 297044 
245 1 2 |a L'acquisto coattivo dei diritti reali 
300 |a 182 p 
942 |c BK 
945 |d 19921109 00:00:00 
260 |a Nápoles  |b Jovene  |c 1977 
650 0 |a Derecho civil  |9 255013 
650 0 |a Historia del derecho  |9 255109 
650 0 |a Adquisición de la propiedad   |9 258291 
583 |a last modification  |c 20161026 01:36:33  |k Rodrigo Vera 
490 0 |a Biblioteca di Diritto Privato Ordinato Da Pietro Rescigno, 4 
999 |c 210267  |d 210265 
952 |0 0  |1 0  |4 0  |6 346_043000000000000_CAR_1977  |7 0  |8 A  |9 186371  |a BIBDER  |b BIBDER  |d 2019-11-14  |i 2538482  |o 346.043 CAR 1977  |p 2538482  |r 2023-01-25  |w 2019-11-14  |y BK  |k DER